[Event "Henderson Trusts op-B 43rd"]
[Site "Henderson"]
[Date "2021.06.06"]
[Round "3"]
[White "Chen, Matthew1111"]
[Black "Li, Allen"]
[Result "1-0"]
[WhiteElo "1462"]
[BlackElo "1659"]
[PlyCount "103"]
[EventDate "2021.06.05"]
[EventType "swiss"]
[EventRounds "6"]
[EventCountry "NZL"]
[SourceTitle "EXT 2024"]
[Source "ChessBase"]
[SourceDate "2023.10.10"]
[SourceVersion "1"]
[SourceVersionDate "2023.10.10"]
[SourceQuality "1"]

1. c4 e6 2. Nc3 Nf6 3. g3 d5 4. cxd5 exd5 5. d4 Bb4 6. a3 Ba5 7. b4 Bb6 8. Bg2 0-0 9. Bg5 c6 10. Nf3 Nbd7 11. 0-0 h6 12. Bf4 Re8 13. Ne5 Nh5 14. Nxd7 Bxd7 15. e3 Nxf4 16. gxf4 Qh4 17. Qf3 Re6 18. Kh1 Rg6 19. Rg1 Bc7 20. Bf1 Bg4 21. Qg3 Qh5 22. Bg2 Be2 23. Qh3 Qxh3 24. Bxh3 Rxg1+ 25. Kxg1 Bc4 26. f3 a5 27. bxa5 Rxa5 28. a4 b5 29. Bd7 b4 30. Nd1 Bb5 31. Nb2 Bd6 32. Rc1 Bc4 33. Bxc6 Ra6 34. Bd7 Ra7 35. Bf5 Rc7 36. Bd3 Bxd3 37. Rxc7 Bxc7 38. Nxd3 b3 39. Kf2 Kf8 40. Ke2 Ke7 41. Kd1 Ba5 42. Nc5 b2 43. Kc2 Bd2 44. e4 dxe4 45. fxe4 Bxf4 46. e5 Kd8 47. a5 Kc7 48. e6 Kd8 49. exf7 Ke7 50. f8Q+ Kxf8 51. Ne6+ Ke7 52. Nxf4 1-0

[Event "Kingston Easter U1600"]
[Site "Kingston"]
[Date "2019.04.18"]
[Round "1.40"]
[White "Hua, Gary"]
[Black "Li, Allen"]
[Result "1-0"]
[WhiteElo "1582"]
[BlackElo "1262"]
[PlyCount "41"]
[EventDate "2019.04.18"]
[EventType "swiss"]
[EventRounds "9"]
[EventCountry "CAN"]
[SourceTitle "EXT 2022"]
[Source "ChessBase"]
[SourceDate "2021.10.06"]
[SourceVersion "1"]
[SourceVersionDate "2021.10.06"]
[SourceQuality "1"]

1. c4 Nf6 2. g3 g6 3. Bg2 Bg7 4. Nc3 0-0 5. d3 c5 6. e4 Nc6 7. Nge2 d6 8. 0-0 e5 9. h3 Be6 10. Kh2 Rb8 11. f4 exf4 12. Bxf4 Nh5 13. Be3 Ne5 14. Qd2 a6 15. a4 Nf6 16. Bg5 Ned7 17. Nf4 Qc7 18. Rf2 Ne5 19. Bxf6 Bxf6 20. Nfd5 Bxd5 21. Nxd5 1-0